<?xml version="1.0" encoding="UTF-8"?>
<record
    xmlns:xsi="http://www.w3.org/2001/XMLSchema-instance"
    xsi:schemaLocation="http://www.loc.gov/MARC21/slim http://www.loc.gov/standards/marcxml/schema/MARC21slim.xsd"
    xmlns="http://www.loc.gov/MARC21/slim">

  <leader>01204nam a2200349 ia4500</leader>
  <controlfield tag="003">OSt</controlfield>
  <controlfield tag="005">20200826105802.0</controlfield>
  <controlfield tag="008">200825t19802010cc ac  j      000 1 chi d</controlfield>
  <datafield tag="020" ind1=" " ind2=" ">
    <subfield code="c">RM398.00</subfield>
    <subfield code="q">set</subfield>
  </datafield>
  <datafield tag="020" ind1=" " ind2=" ">
    <subfield code="a">9787530763674</subfield>
    <subfield code="c">RM19.90</subfield>
    <subfield code="q">paperback</subfield>
  </datafield>
  <datafield tag="040" ind1=" " ind2=" ">
    <subfield code="a">PPAK</subfield>
    <subfield code="b">eng</subfield>
    <subfield code="c">PPAK</subfield>
    <subfield code="e">rda</subfield>
  </datafield>
  <datafield tag="041" ind1="1" ind2=" ">
    <subfield code="a">chi</subfield>
    <subfield code="h">eng</subfield>
  </datafield>
  <datafield tag="082" ind1="0" ind2="4">
    <subfield code="a">813.54 </subfield>
  </datafield>
  <datafield tag="090" ind1="0" ind2="0">
    <subfield code="a">813.54</subfield>
    <subfield code="b">GAR</subfield>
    <subfield code="d">K</subfield>
  </datafield>
  <datafield tag="100" ind1="1" ind2=" ">
    <subfield code="6">800-01</subfield>
    <subfield code="a">Gardiner, John Reynolds, </subfield>
    <subfield code="e">author.</subfield>
  </datafield>
  <datafield tag="245" ind1="1" ind2="0">
    <subfield code="6">800-02</subfield>
    <subfield code="a">Shi hu = Stone fox /</subfield>
    <subfield code="c">Gardiner Reynolds.; Sewall Mrcia; Kun Yue</subfield>
  </datafield>
  <datafield tag="246" ind1="3" ind2=" ">
    <subfield code="i">Translation of:</subfield>
    <subfield code="a">Stone fox</subfield>
  </datafield>
  <datafield tag="250" ind1=" " ind2=" ">
    <subfield code="a"> Di 1 ban</subfield>
  </datafield>
  <datafield tag="264" ind1=" " ind2="1">
    <subfield code="a">Tianjin : </subfield>
    <subfield code="b">Xin lei chu ban she, </subfield>
    <subfield code="c">2010</subfield>
  </datafield>
  <datafield tag="264" ind1=" " ind2="4">
    <subfield code="c">&#xA9;1980</subfield>
  </datafield>
  <datafield tag="300" ind1=" " ind2=" ">
    <subfield code="a">107 pages :</subfield>
    <subfield code="b">illustrations ;</subfield>
    <subfield code="c">21 cm</subfield>
  </datafield>
  <datafield tag="336" ind1=" " ind2=" ">
    <subfield code="2">rdacontent</subfield>
    <subfield code="a">text</subfield>
  </datafield>
  <datafield tag="337" ind1=" " ind2=" ">
    <subfield code="2">rdamedia</subfield>
    <subfield code="a">unmediated</subfield>
  </datafield>
  <datafield tag="338" ind1=" " ind2=" ">
    <subfield code="2">rdacarrier</subfield>
    <subfield code="a">volume</subfield>
  </datafield>
  <datafield tag="546" ind1=" " ind2=" ">
    <subfield code="a">Parallel text in Chinese and Hanyu Pinyin.</subfield>
  </datafield>
  <datafield tag="650" ind1="1" ind2="0">
    <subfield code="a">Chinese fiction </subfield>
    <subfield code="v">Translations from English</subfield>
  </datafield>
  <datafield tag="700" ind1="1" ind2=" ">
    <subfield code="a">Sewall, Marcia,</subfield>
    <subfield code="e">illustrator.</subfield>
  </datafield>
  <datafield tag="700" ind1="1" ind2=" ">
    <subfield code="a">Yue, Kun,</subfield>
    <subfield code="e">translator.</subfield>
  </datafield>
  <datafield tag="880" ind1=" " ind2=" ">
    <subfield code="6">100-01</subfield>
    <subfield code="a">&#x5361;&#x8FEA;&#x7EB3; (Cardiner, John Reynolds) &#x8457;</subfield>
    <subfield code="e">author.</subfield>
  </datafield>
  <datafield tag="880" ind1=" " ind2=" ">
    <subfield code="6">245-02</subfield>
    <subfield code="a">&#x77F3;&#x72D0; = Stone fox </subfield>
    <subfield code="c">(&#x7F8E;)&#x739B;&#x897F;&#x5A05;&#xB7;&#x8D5B;&#x74E6;&#x7ED8; ; &#x5CB3;&#x5764;&#x8BD1;. &#x8D5B;&#x74E6; &#x5CB3;&#x5764;, </subfield>
  </datafield>
  <datafield tag="942" ind1=" " ind2=" ">
    <subfield code="2">ddc</subfield>
    <subfield code="c">B</subfield>
  </datafield>
  <datafield tag="999" ind1=" " ind2=" ">
    <subfield code="c">178700</subfield>
    <subfield code="d">178699</subfield>
  </datafield>
  <datafield tag="952" ind1=" " ind2=" ">
    <subfield code="0">0</subfield>
    <subfield code="7">0</subfield>
    <subfield code="b">PPAK</subfield>
    <subfield code="c">K</subfield>
    <subfield code="d">2020-09-03</subfield>
    <subfield code="l">3</subfield>
    <subfield code="m">1</subfield>
    <subfield code="o">K 813.54 GAR</subfield>
    <subfield code="p">A01646198</subfield>
    <subfield code="r">2023-09-07 16:47:42</subfield>
    <subfield code="s">2023-07-27</subfield>
    <subfield code="y">B</subfield>
  </datafield>
  <datafield tag="952" ind1=" " ind2=" ">
    <subfield code="0">0</subfield>
    <subfield code="7">0</subfield>
    <subfield code="b">SP</subfield>
    <subfield code="c">K</subfield>
    <subfield code="d">2020-09-03</subfield>
    <subfield code="l">3</subfield>
    <subfield code="o">K 813.54 GAR</subfield>
    <subfield code="p">A01646199</subfield>
    <subfield code="r">2024-11-09 17:43:37</subfield>
    <subfield code="s">2024-10-19</subfield>
    <subfield code="y">B</subfield>
  </datafield>
</record>
